| 000 | 01229cam a22003495a 4500 | ||
|---|---|---|---|
| 001 | 12856626 | ||
| 003 | OSt | ||
| 005 | 20180116192414.0 | ||
| 008 | 020716s2002 nyu b 001 0 eng | ||
| 010 | _a 2002068175 | ||
| 020 | _a0415280095 | ||
| 020 | _a0415280109 (pbk.) | ||
| 040 |
_aDLC _cDLC _dDLC |
||
| 050 | 0 | 0 |
_aPN98.D43 _bN6 2002 |
| 082 | 0 | 0 |
_a801.95 _221 |
| 100 | 1 |
_aNorris, Christopher, _d1947- _96345 |
|
| 245 | 1 | 0 |
_aDeconstruction, theory and practice / _cChristopher Norris. |
| 250 | _a3rd ed. | ||
| 260 |
_aLondon ; _aNew York : _bRoutledge, _c2002. |
||
| 263 | _a0207 | ||
| 300 | _ap. cm. | ||
| 490 | 1 | _aNew accents | |
| 504 | _aIncludes bibliographical references and index. | ||
| 650 | 0 |
_aDeconstruction. _96346 |
|
| 830 | 0 |
_aNew accents (Routledge (Firm)) _96347 |
|
| 856 | 4 | 2 |
_3Publisher description _uhttp://www.loc.gov/catdir/enhancements/fy0650/2002068175-d.html |
| 856 | 4 | 2 |
_3Contributor biographical information _uhttp://www.loc.gov/catdir/enhancements/fy1012/2002068175-b.html |
| 906 |
_a7 _bcbc _corignew _d1 _eocip _f20 _gy-gencatlg |
||
| 942 |
_2ddc _cBK |
||
| 999 |
_c353650 _d353650 |
||